| 000 | 00795nam a2200229 a 4500 | ||
|---|---|---|---|
| 005 | 20160206102344.0 | ||
| 008 | 140311b2002 ck ||||| |||| 00| 0 spa d | ||
| 040 |
_aCO-BoIAVH _cCO-BoIAVH |
||
| 041 | _aspa | ||
| 044 | _ack | ||
| 090 |
_aEA _b387 |
||
| 100 | 1 | _aRoa, Carolina | |
| 245 | 1 | 0 |
_aAnimales y el bosque : _bde nuestro municipio Encino Santander, Colombia |
| 260 |
_aBogotá: _bFundación Natura Colombia, _c2002. |
||
| 300 | _a32 páginas | ||
| 650 | 1 | 4 |
_aEducación ambiental _vcartillas _xliteratura infantil |
| 650 | 1 |
_aFauna _vcartillas _xliteratura infantil |
|
| 650 | 1 | 4 |
_aBosques de roble _vcartillas _xliteratura infantil |
| 650 | 1 | 4 |
_aRobledales _vcartillas _xliteratura infantil |
| 662 |
_aColombia _dEncino _bSantander |
||
| 942 |
_cLIBRO _2z |
||
| 999 |
_c3374 _d3374 |
||